Interacting Bose-Fermi systems in nuclei /

Bibliographic Details
Other Authors: Iachello, F.
Format: Book
Language:English
Published: New York : Plenum Press, [1981]
Series:Ettore Majorana international science series. Physical sciences ; v. 10.
Subjects:

MARC

Tag First Indicator Second Indicator Subfields
LEADER 00000pam a2200000 a 4500
001 in00000091366
005 20151008063920.0
008 810317s1981 nyua b 10100 eng
010 |a  81004319  
020 |a 0306407337 
035 |a (OCoLC)07306751 
035 |9 AAK3170AM 
039 0 |a 2  |b 3  |c 3  |d 3  |e 3 
040 |a DLC  |c DLC  |d TXA  |d UtOrBLW 
049 |a TXAM  |c [1804491] 
050 0 0 |a QC793.5.B622  |b I56 
082 0 |a 539.7/21  |2 19 
245 0 0 |a Interacting Bose-Fermi systems in nuclei /  |c edited by F. Iachello. 
264 1 |a New York :  |b Plenum Press,  |c [1981] 
264 4 |c ©1981 
300 |a x, 406 pages :  |b illustrations ;  |c 26 cm. 
336 |a text  |b txt  |2 rdacontent 
337 |a unmediated  |b n  |2 rdamedia 
338 |a volume  |b nc  |2 rdacarrier 
490 1 |a Ettore Majorana international science series. Physical sciences ;  |v v. 10 
500 |a "Proceedings of the second specialized seminar on interacting Bose-Fermi systems in nuclei, held June 12-19, 1980, in Erice, Sicily"--Verso of title page. 
504 |a Includes bibliographical references and index. 
650 0 |a Bosons  |x Mathematical models  |x Congresses. 
650 0 |a Fermions  |x Mathematical models  |x Congresses. 
650 0 |a Nucleon-nucleon interactions  |v Congresses. 
700 1 |a Iachello, F. 
830 0 |a Ettore Majorana international science series.  |p Physical sciences ;  |v v. 10. 
999 |a MARS 
999 f f |s 236341f7-0e2d-3aa4-a6fd-4e79bd0f3d88  |i 9665e401-79a5-3b5f-bc7e-b68a670ef23d  |t 0 
952 f f |p ric  |a Texas A&M University  |b Rellis Campus  |c Joint Library Facility  |d Remote Storage  |t 0  |e QC793.5.B622 I56  |h Library of Congress classification  |i unmediated -- volume  |m A14806209489 
998 f f |a QC793.5.B622 I56  |t 0  |l Remote Storage